=LDR 00000nam 2200000 4500 =001 INLIS000000000010612 =005 20130612102241 =008 ***********************************Ind** =035 ##$$0010-061300000010612 =041 ##$$a Ind =082 ##$$a F Rom D =090 ##$$a F Rom D, Jan a =100 ##$$a JANNAH, Izzatue =245 ##$$a Apa kabar cinta =260 ##$$a 2001 $b Surakarta =300 ##$$a 192, 20 cm =650 ##$$a Fiksi Dewasa =850 ##$$a NBPNMAT